000 01880nam a2200229Ia 4500
003 Ost
005 20260507075802.0
008 260507s9999||||xx |||||||||||||| ||und||
020 _a9789957965532
040 _cfsecg
041 _aara
082 _a657.42
100 _aعبد السلام، أيمن يوسف
_eمؤلف
245 0 _aمحاسبة التكاليف /
_c أيمن يوسف عبد السلام
260 _aعمان:
_bدار غيداء للنشر والتوزيع,
_c2019
300 _a477 صفحة؛
_bإيضاحات ؛
_c24 سم
504 _aبيبليوغرافيا: ص ص.465-477
520 _aمفهوم وأهداف نظام التكاليف، نظام التكاليف على أساس الانشطة الموجهة ، أساسيات محاسبة التكاليف، طرق وتصنيف بنود التكلفة، التكاليف الصناعية غير المباشرة، تحليل التكاليف المالية للمؤسسات الصحية تأثير التكامل بين التقنيات المستجدة في محاسبة التكليف وترابطها في الخدمة، المحاسبة في المنشآت الصناعية، المحاسبة الإدارية في مجال الرقابة وتقييم الأداء، الجمعيات المهنية الدولية وأثرها على تطوير النظام المحاسبي، أساسيات محاسبة التكاليف في المنشآت الصناعية، أثر تخفيض التكاليف على تنافسية المؤسسة، التكاليف المباشرة ومشاكلها وطرق تحميلها، محاسبة التكاليف في النشاط الفندقي، المخزون، مدخل مقترح لتطوير دور المعلومات المحاسبية.
653 _aالشركات- المحاسبة
653 _aمحاسبة التكاليف
942 _cكتاب
999 _c46314
_d46314